Statistics for No Clues: What Are These Song Lyrics #5

Click here to take the quiz!

General Stats

  • This quiz has been taken 2,792 times
    (1,134 since last reset)
  • The average score is 119 of 309

Answer Stats

Answer% Correct
a
97%
I
97%
the
94%
you
92%
love
85%
we
85%
he
85%
to
84%
me
84%
and
83%
be
81%
in
78%
on
77%
my
76%
do
76%
that
75%
So
75%
can
73%
she
73%
your
71%
was
71%
no
70%
it
69%
But
68%
when
68%
day
68%
of
67%
time
66%
were
65%
her
65%
for
65%
they
64%
know
63%
is
62%
die
62%
with
62%
how
61%
good
61%
Pie
60%
American
60%
have
60%
him
60%
one
59%
Miss
59%
Bye
58%
man
58%
if
58%
old
58%
long
56%
could
56%
dry
56%
not
55%
ago
55%
music
55%
Chevy
55%
who
55%
you're
54%
his
54%
boys
54%
Drove
54%
Where
53%
whisky
53%
drinking
53%
can't
53%
died
52%
what
52%
Singin'
52%
had
52%
Did
51%
girl
51%
rye
51%
make
51%
remember
51%
saw
51%
there
51%
'Cause
50%
some
50%
all
50%
still
50%
as
49%
dance
49%
this'll
48%
out
48%
take
48%
our
48%
those
48%
knew
47%
believe
47%
God
46%
levee
46%
every
45%
off
45%
from
45%
night
44%
while
44%
more
43%
book
43%
happy
43%
soul
43%
play
42%
said
42%
used
42%
above
42%
people
42%
just
42%
down
42%
rock
42%
real
42%
Son
42%
roll
41%
Now
41%
smile
41%
chance
41%
made
41%
up
41%
never
40%
about
40%
fat
40%
got
40%
blues
40%
dancing
40%
cried
40%
teach
40%
faith
40%
read
39%
Bad
38%
save
37%
I'd
37%
write
37%
maybe
37%
went
37%
Well
37%
gym
37%
couldn't
36%
sang
36%
news
36%
shoes
36%
Oh
36%
met
36%
slow?
36%
rhythm
35%
inside
35%
came
35%
heard
35%
truck
35%
luck
35%
something
35%
men
34%
away
34%
Holy
34%
king
34%
come
34%
dark
34%
Father,
34%
step
34%
been
34%
mortal
34%
tells
34%
pickup
34%
deep
34%
both
34%
Ghost
33%
only
33%
they'd
33%
Bible
33%
dig
33%
shiver
33%
bride
33%
queen
33%
jester
32%
teenage
32%
lonely
32%
paper
32%
kicked
32%
crown
32%
before
32%
left
32%
widowed
32%
that's
32%
years
32%
last
31%
buck
31%
touched
31%
deliver
31%
February
31%
carnation
31%
pink
31%
own
31%
lost
30%
place
30%
wouldn't
30%
looking
30%
stole
30%
doorstep
30%
asked
29%
light
29%
ten
29%
most
29%
hell
29%
three
29%
fire
28%
word
28%
we've
28%
Dean
27%
hands
27%
thorny
27%
borrowed
27%
again
27%
park
27%
returned
27%
sat
27%
start
27%
James
27%
played
27%
stone
27%
friend
27%
Marx
26%
into
26%
coat
26%
courtroom
26%
broken
26%
Jack
26%
quick
26%
turned
26%
band
26%
rollin'
26%
high
25%
coast
25%
nimble
25%
train
25%
adjourned
25%
admire
25%
verdict
25%
space
25%
smiled
25%
recall
25%
church
25%
break
24%
Lenin
24%
moss
24%
candlestick
24%
store
24%
spoken
24%
tried
24%
bells
23%
grows
23%
voice
23%
angel
23%
tune
23%
children
22%
caught
22%
broncin'
22%
dirges
22%
devil's
22%
marching
22%
Satan
22%
fists
21%
refused
21%
generation
21%
field
21%
rage
21%
poets
21%
yield
21%
pass
21%
fast
21%
spell
21%
stage
21%
born
21%
summer
21%
lovers
20%
cast
20%
forward
20%
falling
20%
sacred
20%
watched
20%
Helter
20%
practiced
20%
delight
20%
laughing
20%
clenched
20%
air
19%
players
19%
dreamed
19%
flew
19%
sweet
19%
sidelines
19%
Flash
19%
skelter
19%
Eight
18%
Satan's
18%
grass
18%
shelter
18%
miles
18%
swelter
18%
screamed
18%
streets,
18%
quartet
17%
revealed
17%
sacrificial
17%
fallout
17%
birds
17%
flames
16%
perfume
16%
halftime
16%
landed
15%
rite
15%
climbed
14%
sergeants
13%
foul
12%

Score Distribution

Percentile by Number Answered

Percent of People with Each Score

Your Score History

You have not taken this quiz since the last reset